000 00461nab a2200145Ia 4500
003 ES-SlBCS
005 20210601141633.0
008 140529s1981 xxu||||| |||| 00| 0 spa d
041 _aspa
100 1 _aRubí, Basili de
_9130314
245 0 0 _aLa bula Inter graviores. Reforma de regulares en España en 1804
_c Basili de Rubí
650 0 4 _aBula Inter Graviores
_9259168
773 0 _tEstudios Franciscanos
_gvol. 82, 1981, págs. 393-414
_wRev191
942 _cAR
999 _c663966
_d663966